| 000 | 00593nam a2200157Ia 4500 | ||
|---|---|---|---|
| 008 | 100204s9999 xx 000 0 und d | ||
| 082 | _b22891 | ||
| 100 | _aरविंद्र्रनाथ टागोर | ||
| 245 | _aऑख की किरकिरी | ||
| 260 |
_bहिंदी - ग्रंथ - रत्नाकर (प्रा) लि. मुंबई _c1949 8 |
||
| 300 | _a260 | ||
| 630 | _aऑख की किरकिरी | ||
| 700 | _aपाण्डेय रुपनारायण | ||
| 730 | _aऑख की किरकिरी | ||
| 942 | _cBOOK | ||
| 999 |
_c467992 _d467989 |
||